[Event "Nizhnij Novgorod Cup of Nadezhda"]
[Site "Nizhnij Novgorod"]
[Date "2011.08.08"]
[Round "?"]
[White "Mukhametzhanov, Marat"]
[Black "Mazhukin, Evgeny"]
[Result "1-0"]
[WhiteElo "2027"]
[BlackElo "1790"]
[PlyCount "73"]
[EventDate "2011.08.08"]
[EventType "swiss"]
[EventRounds "8"]
[EventCountry "RUS"]
[SourceTitle "EXT 2022"]
[Source "ChessBase"]
[SourceDate "2021.10.06"]
[SourceVersion "1"]
[SourceVersionDate "2021.10.06"]
[SourceQuality "1"]

1. e4 e6 2. d4 d5 3. e5 c5 4. c3 Nc6 5. Nf3 Qb6 6. a3 a5 7. b3 a4 8. b4 c4 9. Be2 h6 10. 0-0 Qa6 11. Be3 Bd7 12. Nbd2 0-0-0 13. Ne1 Nge7 14. Qc2 b5 15. f4 Nf5 16. Bf2 h5 17. Kh1 Be7 18. g3 f6 19. Ng2 Qa7 20. Nf3 Rdg8 21. Nfh4 Nxh4 22. Nxh4 f5 23. Nf3 Nd8 24. h3 Nf7 25. Be3 g5 26. fxg5 Bxg5 27. Bf4 h4 28. Bxg5 Nxg5 29. Nxg5 Rxg5 30. g4 Qb6 31. Bf3 Qd8 32. Rae1 Be8 33. Qd2 Bg6 34. Qf4 Kd7 35. Bxd5 fxg4 36. hxg4 Kc7 37. Bxe6 1-0

[Event "Nizhnij Novgorod Cup of Nadezhda"]
[Site "Nizhnij Novgorod"]
[Date "2011.08.08"]
[Round "?"]
[White "Sukhinin, Timur"]
[Black "Mukhametzhanov, Marat"]
[Result "1-0"]
[WhiteElo "1878"]
[BlackElo "2027"]
[PlyCount "97"]
[EventDate "2011.08.08"]
[EventType "swiss"]
[EventRounds "8"]
[EventCountry "RUS"]
[SourceTitle "EXT 2022"]
[Source "ChessBase"]
[SourceDate "2021.10.06"]
[SourceVersion "1"]
[SourceVersionDate "2021.10.06"]
[SourceQuality "1"]

1. Nf3 d5 2. g3 Nf6 3. Bg2 Bf5 4. c4 c6 5. Qb3 Qc7 6. d4 e6 7. Bf4 Qb6 8. c5 Qa5+ 9. Nc3 b6 10. cxb6 axb6 11. 0-0 Be7 12. Nh4 Bg4 13. e4 0-0 14. h3 Bh5 15. exd5 cxd5 16. g4 Nfd7 17. Nf5 exf5 18. gxh5 Nf6 19. Nxd5 Nxd5 20. Qxd5 Qxd5 21. Bxd5 Ra4 22. Rfd1 Bf6 23. Be5 Ra5 24. Bxf6 Rxd5 25. Be5 Nc6 26. Bc7 b5 27. Bb6 Rb8 28. Bc5 Rbd8 29. Rac1 h6 30. Bb6 R8d6 31. Rc5 Rxd4 32. Rxd4 Nxd4 33. Rc8+ Kh7 34. Rd8 Rxb6 35. Rxd4 Rb7 36. Rb4 Ra7 37. a3 Ra5 38. f3 g5 39. Kf2 Kg7 40. Ke3 Kf6 41. Kd4 g4 42. hxg4 fxg4 43. fxg4 Kg5 44. Kc5 Ra4 45. Kxb5 Rxb4+ 46. axb4 Kxg4 47. Kc4 f5 48. Kd3 f4 49. Ke2 1-0

[Event "Nizhnij Novgorod op"]
[Site "Nizhnij Novgorod"]
[Date "2010.??.??"]
[Round "?"]
[White "Baryshnikova, Natalija"]
[Black "Mukhametzhanov, Marat"]
[Result "0-1"]
[WhiteElo "1728"]
[BlackElo "2002"]
[PlyCount "88"]
[EventDate "2010.10.02"]
[EventType "swiss"]
[EventRounds "9"]
[EventCountry "RUS"]
[SourceTitle "EXT 2011"]
[Source "ChessBase"]
[SourceDate "2010.11.26"]
[SourceVersion "1"]
[SourceVersionDate "2010.11.26"]
[SourceQuality "1"]

1. Nf3 d5 2. g3 Nf6 3. Bg2 e6 4. 0-0 Be7 5. d3 0-0 6. Nbd2 c5 7. e4 Nc6 8. Re1 dxe4 9. Nxe4 Nxe4 10. dxe4 e5 11. c3 Be6 12. Qe2 Qc7 13. Be3 c4 14. Red1 h6 15. Qc2 b5 16. Rd2 b4 17. Rad1 Qa5 18. cxb4 Bxb4 19. Re2 Qxa2 20. Bd2 f6 21. Qc1 Rfd8 22. Bxb4 Nxb4 23. Red2 Rxd2 24. Qxd2 Nd3 25. Ne1 Nxb2 26. Rc1 Qb3 27. Bf1 Na4 28. Be2 c3 29. Qe3 Qb6 30. Qxb6 axb6 31. Bb5 Nc5 32. Rxc3 Nxe4 33. Rc6 Bf7 34. Rxb6 Ra1 35. Kf1 Rb1 36. Rb8+ Kh7 37. Rf8 Bg6 38. Bc6 Nc5 39. Ke2 Ne6 40. Rc8 Bf5 41. Kd2 Nd4 42. Rc7 Rb2+ 43. Kd1 Nxc6 44. Rxc6 Rxf2 0-1

[Event "Nizhnij Novgorod op"]
[Site "Nizhnij Novgorod"]
[Date "2010.??.??"]
[Round "?"]
[White "Popov, Nikita"]
[Black "Mukhametzhanov, Marat"]
[Result "0-1"]
[WhiteElo "1963"]
[BlackElo "2002"]
[PlyCount "104"]
[EventDate "2010.10.02"]
[EventType "swiss"]
[EventRounds "9"]
[EventCountry "RUS"]
[SourceTitle "EXT 2011"]
[Source "ChessBase"]
[SourceDate "2010.11.26"]
[SourceVersion "1"]
[SourceVersionDate "2010.11.26"]
[SourceQuality "1"]

1. d4 d5 2. Nf3 e6 3. c4 Nf6 4. Nc3 Be7 5. Bg5 h6 6. Bf4 0-0 7. e3 b6 8. Rc1 c5 9. Bd3 Bb7 10. 0-0 Nc6 11. cxd5 exd5 12. Re1 Rc8 13. Bf5 Ra8 14. Ne5 Nxe5 15. dxe5 Ne4 16. Nxe4 dxe4 17. Qc2 Qd5 18. Red1 Qc6 19. Qb3 Rad8 20. Rxd8 Rxd8 21. e6 c4 22. exf7+ Kf8 23. Qc2 b5 24. h3 Qd5 25. Bg4 Qd3 26. Bc7 Rd5 27. Be6 Rc5 28. Ba5 Bc8 29. Bxc8 Rxc8 30. a3 Kxf7 31. Qd1 Qxd1+ 32. Rxd1 Bf6 33. Rd2 Ke6 34. Kf1 Rc5 35. Ke2 Rd5 36. Rxd5 Kxd5 37. Bc3 Bxc3 38. bxc3 h5 39. f3 Ke5 40. Kd2 g5 41. Ke2 a5 42. Kd2 exf3 43. gxf3 Kf5 44. e4+ Kf4 45. Ke2 a4 46. Kd2 g4 47. hxg4 h4 48. g5 Kxg5 49. Ke3 h3 50. Kf2 Kf4 51. e5 Kxe5 52. Kg3 b4 0-1

[Event "Nizhnij Novgorod Hopes Cup op"]
[Site "Nizhnij Novgorod"]
[Date "2009.08.??"]
[Round "4"]
[White "Mukhametzhanov, Marat"]
[Black "Gorozhanin, Mikhail"]
[Result "1-0"]
[WhiteElo "2007"]
[BlackElo "1826"]
[PlyCount "47"]
[EventDate "2009.08.10"]
[EventType "swiss"]
[EventRounds "9"]
[EventCountry "RUS"]
[SourceTitle "EXT 2022"]
[Source "ChessBase"]
[SourceDate "2021.10.06"]
[SourceVersion "1"]
[SourceVersionDate "2021.10.06"]
[SourceQuality "1"]

1. e4 c6 2. d4 d5 3. e5 c5 4. c3 Nc6 5. Nf3 Bg4 6. Be2 e6 7. 0-0 Nge7 8. a3 Nf5 9. Be3 cxd4 10. Nxd4 Nxe3 11. fxe3 Bxe2 12. Qxe2 Nxe5 13. Qh5 Ng6 14. e4 Bc5 15. Kh1 0-0 16. Nf3 Be7 17. Nbd2 dxe4 18. Nxe4 Qd5 19. Neg5 Bxg5 20. Rad1 Qf5 21. Nxg5 Nf4 22. Rxf4 Qc2 23. Rdf1 f6 24. Nxe6 1-0

[Event "Nizhnij Novgorod Hopes Cup op"]
[Site "Nizhnij Novgorod"]
[Date "2009.08.??"]
[Round "6"]
[White "Mukhametzhanov, Marat"]
[Black "Karmanova, Marina"]
[Result "1-0"]
[WhiteElo "2007"]
[BlackElo "1739"]
[PlyCount "63"]
[EventDate "2009.08.10"]
[EventType "swiss"]
[EventRounds "9"]
[EventCountry "RUS"]
[SourceTitle "EXT 2022"]
[Source "ChessBase"]
[SourceDate "2021.10.06"]
[SourceVersion "1"]
[SourceVersionDate "2021.10.06"]
[SourceQuality "1"]

1. e4 c6 2. d4 d5 3. e5 Bf5 4. Nf3 e6 5. a3 Nd7 6. Be2 Ne7 7. 0-0 Bg4 8. Nh4 Bxe2 9. Qxe2 c5 10. dxc5 Nc6 11. Nf3 Bxc5 12. b4 Bb6 13. Bb2 0-0 14. Nbd2 Bc7 15. c4 Nb6 16. Rfd1 Qb8 17. Rac1 d4 18. Re1 Nd7 19. Nxd4 Ncxe5 20. Ne4 Ng6 21. g3 Be5 22. f4 Bc7 23. Ng5 e5 24. Nf5 h6 25. Ne4 f6 26. Qg4 Qe8 27. Rcd1 Kh7 28. Nxg7 Kxg7 29. Rxd7+ Rf7 30. Red1 Rd8 31. Rxd8 Bxd8 32. f5 1-0

[Event "PriFR-ch U18"]
[Site "Penza"]
[Date "2008.11.07"]
[Round "5"]
[White "Mukhametzhanov, Marat"]
[Black "Borisovsky, Viktor"]
[Result "1-0"]
[WhiteElo "1931"]
[BlackElo "2049"]
[PlyCount "73"]
[EventDate "2008.11.03"]
[EventType "swiss"]
[EventRounds "9"]
[EventCountry "RUS"]
[SourceTitle "EXT 2022"]
[Source "ChessBase"]
[SourceDate "2021.10.06"]
[SourceVersion "1"]
[SourceVersionDate "2021.10.06"]
[SourceQuality "1"]

1. e4 c5 2. Nf3 d6 3. Bb5+ Bd7 4. a4 g6 5. 0-0 Bg7 6. c3 a6 7. Bxd7+ Nxd7 8. d4 cxd4 9. cxd4 Ngf6 10. Nc3 0-0 11. a5 Qc7 12. Be3 Rfd8 13. Qd2 Rac8 14. Rfc1 Qb8 15. b4 e5 16. h3 Rc4 17. Rab1 Rdc8 18. dxe5 Nxe5 19. Nxe5 dxe5 20. Qd3 Bf8 21. Na2 Rxe4 22. f3 Rh4 23. Bf2 Rf4 24. Be3 Rf5 25. Rxc8 Qxc8 26. Rc1 Qe6 27. Qd8 Qe8 28. Qxe8 Nxe8 29. Rc8 Nd6 30. Rd8 Kg7 31. Bc5 Rf6 32. Nc3 Be7 33. Rd7 Bf8 34. Nd5 Re6 35. Nc7 Re7 36. Rxe7 Bxe7 37. Bxd6 1-0

[Event "Nizhnij Novgorod Dubinin Memorial 15th"]
[Site "Nizhnij Novgorod"]
[Date "2008.01.??"]
[Round "?"]
[White "Pokhlebkin, Vladimir"]
[Black "Mukhametzhanov, Marat"]
[Result "1-0"]
[WhiteElo "2122"]
[BlackElo "1928"]
[PlyCount "77"]
[EventDate "2008.01.??"]
[EventType "swiss"]
[EventRounds "9"]
[EventCountry "RUS"]
[SourceTitle "CBM 122 Extra"]
[Source "ChessBase"]
[SourceDate "2008.03.04"]
[SourceVersion "1"]
[SourceVersionDate "2008.03.04"]
[SourceQuality "1"]

1. d4 d5 2. Nc3 e6 3. e4 Nf6 4. Bg5 Be7 5. e5 Nfd7 6. h4 0-0 7. Nf3 b6 8. Bd3 h6 9. Qd2 hxg5 10. hxg5 g6 11. Qf4 Kg7 12. Rh7+ Kxh7 13. Qh4+ Kg8 14. 0-0-0 f5 15. Rh1 Kf7 16. Qh7+ Ke8 17. Qxg6+ Rf7 18. Rh7 Bxg5+ 19. Nxg5 Qxg5+ 20. Qxg5 Rxh7 21. Qg6+ Rf7 22. Qxe6+ Kf8 23. Qh6+ Ke8 24. e6 Rf6 25. Qh8+ Rf8 26. Qh5+ Ke7 27. exd7 Bxd7 28. Qg5+ Ke6 29. Qe3+ Kf7 30. Nxd5 Nc6 31. Nxc7 Rac8 32. Bc4+ Kg6 33. d5 Na5 34. Bd3 Kf6 35. d6 Nc6 36. Qh6+ Ke5 37. f4+ Kd4 38. Qg7+ Ke3 39. Qg3+ 1-0

[Event "PriFR-ch U18"]
[Site "Gorodets"]
[Date "2007.11.??"]
[Round "7"]
[White "Kahramanov, Bahtijar"]
[Black "Mukhametzhanov, Marat"]
[Result "0-1"]
[WhiteElo "2015"]
[BlackElo "1929"]
[PlyCount "60"]
[EventDate "2007.11.02"]
[EventType "swiss"]
[EventRounds "9"]
[EventCountry "RUS"]
[SourceTitle "EXT 2022"]
[Source "ChessBase"]
[SourceDate "2021.10.06"]
[SourceVersion "1"]
[SourceVersionDate "2021.10.06"]
[SourceQuality "1"]

1. e4 e5 2. Nf3 Nc6 3. Bb5 Bc5 4. 0-0 Nge7 5. Nxe5 Nxe5 6. d4 c6 7. Be2 Bd6 8. dxe5 Bxe5 9. c3 0-0 10. Be3 f5 11. f4 Bc7 12. e5 d6 13. Qb3+ Kh8 14. exd6 Bxd6 15. c4 b6 16. Nc3 Qc7 17. Rad1 Be6 18. Qc2 g5 19. Qc1 Ng6 20. g3 h6 21. Bh5 Rg8 22. Bxg6 Rxg6 23. b3 Rag8 24. Ne2 c5 25. Qd2 Bc8 26. Nc3 Bb7 27. Nb5 Qc6 28. Nxd6 Rxd6 29. Qb2+ Kh7 30. Rxd6 Qh1+ 0-1

[Event "PriFR-ch U18"]
[Site "Gorodets"]
[Date "2007.11.??"]
[Round "1"]
[White "Kamov, Igor"]
[Black "Mukhametzhanov, Marat"]
[Result "1-0"]
[WhiteElo "2189"]
[BlackElo "1929"]
[PlyCount "59"]
[EventDate "2007.11.02"]
[EventType "swiss"]
[EventRounds "9"]
[EventCountry "RUS"]
[SourceTitle "EXT 2022"]
[Source "ChessBase"]
[SourceDate "2021.10.06"]
[SourceVersion "1"]
[SourceVersionDate "2021.10.06"]
[SourceQuality "1"]

1. d4 d5 2. c4 e6 3. Nc3 Nf6 4. cxd5 exd5 5. Bg5 Be7 6. e3 h6 7. Bh4 0-0 8. Bd3 Be6 9. Nge2 b6 10. 0-0 c5 11. Nf4 Nc6 12. Bb5 Bd7 13. Bxf6 Bxf6 14. Nfxd5 cxd4 15. exd4 a6 16. Nxf6+ Qxf6 17. Bxc6 Bxc6 18. d5 Rad8 19. Qb3 Bb7 20. Rad1 Rd7 21. Rd3 Rfd8 22. Rfd1 Qd6 23. f3 b5 24. Kh1 b4 25. Ne4 Qb6 26. Rd4 a5 27. h3 Qb5 28. d6 Qe5 29. Qd3 f5 30. Qc4+ 1-0

[Event "PriFR-ch U18"]
[Site "Gorodets"]
[Date "2007.11.??"]
[Round "5"]
[White "Rube, Alexander"]
[Black "Mukhametzhanov, Marat"]
[Result "1-0"]
[WhiteElo "2082"]
[BlackElo "1929"]
[PlyCount "49"]
[EventDate "2007.11.02"]
[EventType "swiss"]
[EventRounds "9"]
[EventCountry "RUS"]
[SourceTitle "EXT 2022"]
[Source "ChessBase"]
[SourceDate "2021.10.06"]
[SourceVersion "1"]
[SourceVersionDate "2021.10.06"]
[SourceQuality "1"]

1. d4 d5 2. Nf3 Nf6 3. c4 c6 4. Nc3 Bf5 5. Qb3 b6 6. cxd5 cxd5 7. Bf4 e6 8. e3 Be7 9. Nb5 Na6 10. Qa4 Nb4 11. Nd6+ Kf8 12. Nxf5 exf5 13. a3 a5 14. axb4 Bxb4+ 15. Kd1 Ne4 16. Bg3 Rc8 17. Ba6 f4 18. Bxc8 fxg3 19. Qd7 Qxd7 20. Bxd7 Nxf2+ 21. Ke2 Nxh1 22. Rxh1 Ke7 23. Ba4 gxh2 24. Nxh2 Rc8 25. Kd3 1-0

[Event "Nizhnij Novgorod Region-ch"]
[Site "Nizhnij Novgorod"]
[Date "2007.10.??"]
[Round "?"]
[White "Evtushenko, Grigoriy"]
[Black "Mukhametzhanov, Marat"]
[Result "1/2-1/2"]
[WhiteElo "2110"]
[BlackElo "1929"]
[PlyCount "114"]
[EventDate "2007.10.??"]
[EventType "swiss"]
[EventRounds "9"]
[EventCountry "RUS"]
[SourceTitle "EXT 2009"]
[Source "ChessBase"]
[SourceDate "2008.11.26"]
[SourceVersion "1"]
[SourceVersionDate "2008.11.26"]
[SourceQuality "1"]

1. d4 d5 2. Nf3 Nf6 3. c4 e6 4. Nc3 Be7 5. e3 0-0 6. Be2 b6 7. cxd5 exd5 8. 0-0 h6 9. Ne5 c6 10. Qa4 b5 11. Qc2 Nfd7 12. Nf3 Nb6 13. a3 Bb7 14. b3 N8d7 15. Bd3 a6 16. Qe2 c5 17. dxc5 Nxc5 18. Bc2 Bf6 19. Bb2 Qe7 20. Nd1 Rfd8 21. Bd4 Ne6 22. Qd3 g6 23. Ra2 Nd7 24. b4 Bxd4 25. exd4 Re8 26. Qd2 Qf6 27. Ne3 h5 28. Bb3 Nb6 29. Rd1 Rad8 30. Nf1 Nc4 31. Qc1 Nf4 32. Ne3 Nh3+ 33. Kf1 Nxf2 34. Kxf2 Nxe3 35. Re1 Nc4 36. Rae2 Rxe2+ 37. Rxe2 Nd6 38. Kg1 Ne4 39. Rc2 Qb6 40. Qf4 g5 41. Qe3 g4 42. Ne1 Re8 43. Nd3 Qd8 44. Qh6 Qh4 45. Qf4 Qf6 46. Qxf6 Nxf6 47. Rc7 Bc8 48. Ne5 Be6 49. Nc6 Kg7 50. Bc2 Rc8 51. Rxc8 Bxc8 52. Kf2 Bd7 53. Ne5 Be6 54. Ke3 Nd7 55. Nxd7 Bxd7 56. Kf4 Kf6 57. g3 Be6 1/2-1/2

[Event "Nizhnij Novgorod Region-ch"]
[Site "Nizhnij Novgorod"]
[Date "2007.10.??"]
[Round "?"]
[White "Mukhametzhanov, Marat"]
[Black "Shulakova, Svetlana"]
[Result "0-1"]
[WhiteElo "1929"]
[BlackElo "2206"]
[PlyCount "84"]
[EventDate "2007.10.??"]
[EventType "swiss"]
[EventRounds "9"]
[EventCountry "RUS"]
[SourceTitle "EXT 2009"]
[Source "ChessBase"]
[SourceDate "2008.11.26"]
[SourceVersion "1"]
[SourceVersionDate "2008.11.26"]
[SourceQuality "1"]

1. e4 c5 2. Nc3 Nc6 3. g3 g6 4. Bg2 Bg7 5. d3 Rb8 6. Be3 d6 7. Qd2 b5 8. Nge2 b4 9. Nd1 e6 10. 0-0 Nd4 11. f4 Nxe2+ 12. Qxe2 Ne7 13. c3 bxc3 14. bxc3 Ba6 15. f5 Nc6 16. f6 Bxf6 17. Qf3 Be7 18. Qxf7+ Kd7 19. Qxe6+ Kc7 20. c4 Bc8 21. Qf7 Ne5 22. Qg7 Rg8 23. Qh6 Be6 24. Nf2 Nf7 25. Qxh7 Bf6 26. Ng4 Bxa1 27. Rxa1 Bxg4 28. Qxf7+ Qd7 29. Qf4 Rgf8 30. Qg5 Qg7 31. d4 Bf3 32. Bh3 Bxe4 33. Re1 cxd4 34. Qa5+ Rb6 35. Qxa7+ Bb7 36. Bg5 Ra8 37. Qxa8 Bxa8 38. Re7+ Qxe7 39. Bxe7 Be4 40. Kf2 Rb2+ 41. Ke1 d3 42. Bg5 Rxh2 0-1

[Event "Nizhnij Novgorod Region-ch"]
[Site "Nizhnij Novgorod"]
[Date "2007.10.??"]
[Round "?"]
[White "Mukhametzhanov, Marat"]
[Black "Teverovsky, Alexander"]
[Result "0-1"]
[WhiteElo "1929"]
[BlackElo "2198"]
[PlyCount "108"]
[EventDate "2007.10.??"]
[EventType "swiss"]
[EventRounds "9"]
[EventCountry "RUS"]
[SourceTitle "EXT 2009"]
[Source "ChessBase"]
[SourceDate "2008.11.26"]
[SourceVersion "1"]
[SourceVersionDate "2008.11.26"]
[SourceQuality "1"]

1. e4 c5 2. Nc3 Nc6 3. g3 g6 4. Bg2 Bg7 5. Nge2 e6 6. d3 Nge7 7. Be3 Nd4 8. 0-0 0-0 9. Qd2 d6 10. Nd1 Rb8 11. c3 Nxe2+ 12. Qxe2 b5 13. d4 cxd4 14. Bxd4 Bxd4 15. cxd4 e5 16. Ne3 Nc6 17. Nc2 Qb6 18. Rfd1 b4 19. b3 Kg7 20. Kh1 Rd8 21. f4 f6 22. f5 a5 23. g4 Ba6 24. Qf2 g5 25. Bf1 Bxf1 26. Qxf1 h5 27. gxh5 Rh8 28. Qe2 Rh6 29. dxe5 Nxe5 30. Ne3 Rbh8 31. Rac1 Rxh5 32. Nf1 Rh4 33. Qc2 Nf7 34. Rd2 Re8 35. Ng3 Qe3 36. Rg2 Re5 37. Qd2 Qf3 38. Rf1 Qg4 39. Rf4 Qh3 40. Rxh4 Qxh4 41. Qe2 Kh6 42. Qc4 Kg7 43. Qe2 Kf8 44. Qa6 Rc5 45. Qe2 Ne5 46. Qa6 Nf7 47. Qa8+ Kg7 48. Qe8 Qg4 49. Rf2 Qh3 50. Kg1 Rc1+ 51. Rf1 Rc2 52. Rf2 Rxf2 53. Kxf2 Qxh2+ 54. Kf3 Ne5+ 0-1